|
|
|
|
| LEADER |
00000nam a2200000 a 4500 |
| 001 |
vtls010681263 |
| 003 |
SK-MaSNL |
| 005 |
20260301040651.0 |
| 008 |
251112s1841 gw j 001 0 ger |
| 015 |
|
|
|a SNBHFA1841
|
| 020 |
|
|
|q (viaz.)
|
| 035 |
|
|
|a DFA14692-D040-4146-ACA7-54E497CCD892
|
| 035 |
|
|
|a urn:nbn:sk:snk-amtik8
|
| 035 |
|
|
|a urn:nbn:sk:snk-am00c4kd
|
| 040 |
|
|
|a SNK
|b slo
|c SNK
|e AACR2
|
| 041 |
0 |
|
|a ger
|
| 044 |
|
|
|a gw
|c DE
|
| 072 |
|
7 |
|a 94(100)"04/ ..."
|x Dejiny stredoveku a novoveku (všeobecne)
|2 konspekt
|
| 080 |
|
|
|a 93/94
|2 2001
|
| 080 |
|
|
|a 94"04/14"
|2 2001
|
| 100 |
1 |
|
|a Raumer, Friedrich von,
|d 1781-1873
|4 aut
|4 aui
|9 313636
|
| 245 |
1 |
0 |
|a Geschichte der Hohenstausen und ihrer Zeit
|b In sechs Bänden
|n Fünfter Band
|c von Friedrich von Raumer
|
| 250 |
|
|
|a Zweite verbesserte und vermehrte Auflage
|
| 260 |
|
|
|a Leipzig
|b F. A. Brockhaus
|c 1841
|
| 300 |
|
|
|a XVI, 590 s.
|c 22 cm
|
| 500 |
|
|
|a Typografické linky, marginálie, živé záhlavie
|
| 504 |
|
|
|a Poznámky, vysvetlivky a literatúra pod čiarou
|
| 504 |
|
|
|a Obsahuje register
|
| 508 |
|
|
|a Predslov autora
|
| 546 |
|
|
|a Nemčina
|b Fraktúra
|
| 561 |
|
|
|a Okrúhla pečiatka: Rimely Károly Lekéri Apát.
|5 SNK IC 23361/5
|
| 600 |
2 |
7 |
|a Hohenstaufovci (rod)
|2 SNKPH
|9 341207
|
| 650 |
0 |
7 |
|a dejiny
|2 SNKPH
|9 3825
|
| 650 |
0 |
7 |
|a stredovek
|2 SNKPH
|9 4259
|
| 700 |
1 |
|
|a Rimely, Karol,
|d 1825-1904
|4 fmo
|9 177562
|
| 710 |
0 |
|
|a F. A. Brockhaus
|4 pbl
|4 prt
|9 338205
|
| 752 |
|
|
|a Nemecko
|d Leipzig
|
| 852 |
|
|
|a snk
|b Historické fondy
|p IC 23361/5
|
| 958 |
|
|
|a ONDV
|
| 999 |
|
|
|c 586608
|d 588538
|
| 952 |
|
|
|t RI 115
|a SNK
|b SNK
|c SNK_HF
|y PREZ
|7 0
|p 17A1127791
|o snkIC 23361/5 D1
|i snk2015/16614
|8 5
|z RI 115
|0 0
|1 0
|4 0
|d 2015-05-25
|f 1
|l 0
|r 2026-02-23 15:11:42
|w 2026-02-23
|